| 000 | 00460nam a22001817a 4500 | ||
|---|---|---|---|
| 003 | OSt | ||
| 005 | 20140310181751.0 | ||
| 008 | 130627t xxu||||| |||| 00| 0 eng d | ||
| 020 | _a9710841335 | ||
| 050 |
_aPE 1121 _b.R628 1988 |
||
| 082 |
_2FIL 372.41 _bR53 1985 |
||
| 245 | _aA road to travel / | ||
| 260 |
_aQuezon, Philippine : _bNational Bookstore, Inc., _c1988. |
||
| 300 |
_aiv. 108 p. ; _c26 cm. |
||
| 562 | _e1 | ||
| 650 | _aTravel | ||
| 942 |
_2lcc _cBK |
||
| 999 |
_c3211 _d3211 |
||